000 00307nam a2200121Ia 4500
008 240731s9999 xx 000 0 und d
022 _a2474-1612
245 0 _aBulletin of Spanish Visual Studies
260 _bRoutledge
856 _uhttps://www.tandfonline.com/loi/rbhv20
942 _2ddc
942 _cTFEJ
999 _c75715
_d75715
945 _a1
_bMadushi Gamage
_c1
_dMadushi Gamage